| 000 | 00389nam a2200157Ia 4500 | ||
|---|---|---|---|
| 999 |
_c21950 _d21950 |
||
| 082 | _a304.6072 DES-S | ||
| 100 | _aDesai, P.B; | ||
| 245 | 0 | _aSurvey of research in demography | |
| 260 |
_aBombay _bPopular Prakashan _c1975 |
||
| 300 | _a440p. | ||
| 504 | _aIncludes index | ||
| 650 | _aSocial surveys | ||
| 650 | _aDemography | ||
| 650 | _aSocial sciences - Research | ||
| 942 |
_cBK _2ddc |
||